000 01553cam a2200361 a 4500
999 _c126784
_d126784
001 3507489
003 ARRUPE
005 20170825093225.0
008 950918s1996 pau b 001 0 eng
010 _a 95042906
020 _a0812233123 (cloth : acidfree paper)
020 _a0812215508 (paper : acidfree paper)
040 _aDLC
_cDLC
_dDLC
043 _an-us---
050 0 0 _aPS310.M57
_bG46 1996
082 0 0 _a811/.5099287
_220
245 0 0 _aGendered modernisms :
_bAmerican women poets and their readers /
_cedited by Margaret Dickie and Thomas Travisano.
260 _aPhiladelphia :
_bUniversity of Pennsylvania Press,
_cc1996.
300 _axvi, 321 p. ;
_c24 cm.
504 _aIncludes bibliographical references and index.
650 0 _aAmerican poetry
_xWomen authors
_xHistory and criticism.
_935252
650 0 _aModernism (Literature)
_zUnited States.
_935253
650 0 _aWomen and literature
_zUnited States
_xHistory
_y20th century.
_935254
650 0 _aAuthors and readers
_zUnited States
_xHistory
_y20th century.
_935255
650 0 _aBooks and reading
_zUnited States
_xHistory
_y20th century.
_935256
650 0 _aAmerican poetry
_y20th century
_xHistory and criticism.
_915925
650 0 _aCanon (Literature)
_935257
700 1 _aDickie, Margaret,
_d1935-
_935247
700 1 _aTravisano, Thomas J.,
_d1951-
_935258
906 _a7
_bcbc
_corignew
_d1
_eocip
_f19
_gy-gencatlg
942 _2lcc
_cMONOGRAPH